| 000 | 01499nam a22002657a 4500 | ||
|---|---|---|---|
| 001 | 7978 | ||
| 003 | FISKH | ||
| 005 | 20250815151114.0 | ||
| 008 | 250815b cb ||||| |||| 00| 0 eng d | ||
| 020 | _a0945887086 | ||
| 040 |
_aFISKH _beng _cFISKH _dFISKH |
||
| 050 | _aPZ7 | ||
| 082 | _a813 | ||
| 100 | _aKramer, Remi | ||
| 245 |
_aThe legend of LoneStar Bear : _bHow LoneStar got his name / _cWritten and Illustrated by Remi Kramer |
||
| 260 |
_aIndaho : _bNorthwind Press , _c1988. |
||
| 300 |
_a55 pages : _bcolor illustrations ; _c25 cm . |
||
| 505 | _aK | ||
| 520 | _aWilly is just a simple North Idaho bear who wants to do one thing-- go fishing! But when a letter arrives from his Cousin Travis in Texas, he travels to the Lone Star State and soon finds himself in a mystery that involves visitors from outer space! With the help of his friend Barney the Raccoon, Willy is determined to get to the bottom of the mystery of the "Green Critters" who have been terrorizing Texas. What they discover earns Willy the nickname of LoneStar Bear and makes him the most famous bear in Idaho. This lavishly illustrated book is written with an advanced vocabulary, helping to challenge younger readers and to familiarize advanced readers with new words. Nearly 40 full-color watercolor and pen-and-ink illustrations. | ||
| 521 | 8 |
_a510
_bLexile estimate |
|
| 521 | 8 |
_aK
_bRaz-Plus |
|
| 700 |
_aKramer, Remi _eIllustrator |
||
| 942 |
_2ddc _cBK _n0 |
||
| 999 |
_c7978 _d7978 |
||